000 00475cam a22001097a 4500
008 180718b1985 xxu||||| |||| 00| 0 eng d
082 _aQ43x54 In2g 1985
245 _aCompoliation of guidleines and instructions : integrated child devlopment services and functional literacy for adult women
_cby Ministry of Social And Women's Welfare
260 _aNew Delhi
_bMinistry of Social And Women's Welfare
_c1985
300 _axii,116p.
700 _aIndia.Ministry of Social And Welfare
999 _c495378
_d495378